SELECTION OF ENGINEERING MATERIALS (Record no. 626383)

MARC details
000 -LEADER
fixed length control field 00357pam a2200157a 44500
008 - FIXED-LENGTH DATA ELEMENTS--GENERAL INFORMATION
fixed length control field 230515b1990 xxu||||| |||| 00| 0 eng d
020 ## - INTERNATIONAL STANDARD BOOK NUMBER
International Standard Book Number NULL
041 ## - LANGUAGE CODE
Language code of text/sound track or separate title ENGL
082 ## - DEWEY DECIMAL CLASSIFICATION NUMBER
Classification number 620.11 /LEW
100 ## - MAIN ENTRY--PERSONAL NAME
Personal name LEWIS G.
245 ## - TITLE STATEMENT
Title SELECTION OF ENGINEERING MATERIALS
250 ## - EDITION STATEMENT
Edition statement N.D.
260 ## - PUBLICATION, DISTRIBUTION, ETC.
Place of publication, distribution, etc. NULL
Name of publisher, distributor, etc. PHADKE
Date of publication, distribution, etc. 1990
300 ## - PHYSICAL DESCRIPTION
Extent 579 HB
650 ## - SUBJECT ADDED ENTRY--TOPICAL TERM
Topical term or geographic name entry element NULL
Holdings
Withdrawn status Lost status Damaged status Not for loan Home library Current library Shelving location Date acquired Source of acquisition Cost, normal purchase price Total Checkouts Full call number Barcode Date last seen Price effective from Koha item type
        College of Engineering, Pune College of Engineering, Pune   25/06/1993 NULL 3607.90   620.11 /LEW ECP-G-12578 28/06/2023 28/06/2023 Book